[Event "Mombaca op 6th"]
[Site "Mombaca"]
[Date "2022.08.20"]
[Round "4"]
[White "Lopes, Jose Antonio Rodrig"]
[Black "Da Silva, Mariana Lemes Perei"]
[Result "1-0"]
[WhiteElo "1242"]
[BlackElo "1549"]
[PlyCount "49"]
[EventDate "2022.08.19"]
[EventType "swiss"]
[EventRounds "6"]
[EventCountry "BRA"]
[SourceTitle "CBM 210 Extra"]
[Source "ChessBase"]
[SourceDate "2022.11.30"]
[SourceVersion "1"]
[SourceVersionDate "2022.11.30"]
[SourceQuality "1"]

1. e4 e5 2. Nf3 Nf6 3. Nxe5 d6 4. Nf3 Nxe4 5. Nc3 Nxc3 6. bxc3 Be7 7. Bc4 0-0 8. 0-0 Nc6 9. h3 Bf6 10. Rb1 Rb8 11. d4 Bd7 12. Be3 Na5 13. Be2 c6 14. c4 b6 15. Bf4 Nb7 16. c5 b5 17. cxd6 Rc8 18. d5 cxd5 19. Bxb5 Bxb5 20. Rxb5 Qd7 21. Qxd5 Nd8 22. Ne5 Bxe5 23. Bxe5 Rxc2 24. Bxg7 Kxg7 25. Qg5+ 1-0